<?xml version="1.0" encoding="UTF-8"?>
<record
    xmlns:xsi="http://www.w3.org/2001/XMLSchema-instance"
    xsi:schemaLocation="http://www.loc.gov/MARC21/slim http://www.loc.gov/standards/marcxml/schema/MARC21slim.xsd"
    xmlns="http://www.loc.gov/MARC21/slim">

  <leader>07217nam a2200313 a 4500</leader>
  <controlfield tag="001">000004106</controlfield>
  <controlfield tag="003">DO-SdBNP</controlfield>
  <controlfield tag="005">20241111125253.0</controlfield>
  <controlfield tag="008">090717s1990    dr a    r     000 0 spa d</controlfield>
  <datafield tag="020" ind1=" " ind2=" ">
    <subfield code="z">843120236X</subfield>
  </datafield>
  <datafield tag="040" ind1=" " ind2=" ">
    <subfield code="a">DO-SdBPM</subfield>
    <subfield code="b">spa</subfield>
    <subfield code="c">BPMSU</subfield>
  </datafield>
  <datafield tag="082" ind1=" " ind2="4">
    <subfield code="a">923.17293 </subfield>
    <subfield code="b">B171m 1990</subfield>
    <subfield code="2">22</subfield>
  </datafield>
  <datafield tag="100" ind1="1" ind2=" ">
    <subfield code="a">Balaguer, Joaqu&#xED;n,</subfield>
    <subfield code="d">1906-2002</subfield>
    <subfield code="9">2</subfield>
  </datafield>
  <datafield tag="245" ind1="1" ind2="0">
    <subfield code="a">Memorias de un cortesano en la "Era de Trujillo" /</subfield>
    <subfield code="c">Joaqu&#xED;n Balaguer.</subfield>
  </datafield>
  <datafield tag="260" ind1=" " ind2=" ">
    <subfield code="a">Santo Domingo :</subfield>
    <subfield code="b">Fundaci&#xF3;n Joaqu&#xED;n Balaguer,</subfield>
    <subfield code="c">1990</subfield>
  </datafield>
  <datafield tag="300" ind1=" " ind2=" ">
    <subfield code="a">523 p. :</subfield>
    <subfield code="b">il. ;</subfield>
    <subfield code="c">23 cm.</subfield>
  </datafield>
  <datafield tag="500" ind1=" " ind2=" ">
    <subfield code="a">Incluye referencias bibliogr&#xE1;ficas, notas al pie de las p&#xE1;ginas </subfield>
  </datafield>
  <datafield tag="500" ind1=" " ind2=" ">
    <subfield code="a">Incluye &#xED;ndice</subfield>
  </datafield>
  <datafield tag="505" ind1=" " ind2=" ">
    <subfield code="a">Primera parte. Mis primeros pasos. Cap&#xED;tulo I. Infancia, 11.-- La aldea natal, 12.-- Horas doradas, 12.-- Escapatoria, 14.-- Auge comercial, 17.-- Los invasores, 18.-- Adolescencia, 18.-- Vida escolar, 19.-- Romance, 20.-- Reprimenda, 22.-- D&#xED;as de prueba, 24.-- Cap&#xED;tulo II. Santiago en las dos primeras d&#xE9;cadas del presente siglo, 27.-- Auge cultural, 27.-- En la Alianza Cibae&#xF1;a, 28.-- Bimbo Gonz&#xE1;lez, 30.-- Aspecto histri&#xF3;nico, 32.-- Oradores dominicanos: Fernando Arturo de Meri&#xF1;o y Eugenio Deschamps, 33.-- Rafael Estrella Ure&#xF1;a, 35.-- Mateo Aguilera, 36.-- Llegada de Albizu Campos, 37.-- R&#xF3;mulo Betancourt en Santo Domingo, 40.-- Cap&#xED;tulo III. Estudios universitarios, 45.-- En el ejercicio profesional, 49.-- Movimiento C&#xED;vico del 23 de febrero, 53.-- Mi acercamiento a Trujillo, 56.-- Segunda parte. Radiograf&#xED;a moral de la &#xAB;Era de Trujillo&#xBB;. Cap&#xED;tulo I. La &#xAB;Era de Trujillo&#xBB;, 63.-- Egolatr&#xED;a, 65.-- Testimonios propios, 65.-- Culto a la personalidad, 68.-- Proscripci&#xF3;n de Duarte y de los grandes pr&#xF3;ceres dominicanos, 69.-- La poes&#xED;a al servicio de Trujillo, 76.-- La cultura en la &#xAB;Era de Trujillo&#xBB;, 76.-- El caso de R&#xF3;mulo Gallegos y el de Am&#xE9;rico Lugo, 79.-- El desarrollo industrial, 80.-- La democracia social, 81.-- Contradicciones, 82.-- Otros cambios, 84.-- Absolutismo, 86.--Excepciones, 90.-- Desquiciamiento social, 91.-- El caso de Mart&#xED;nez Reyna, 92.-- Cap&#xED;tulo II. Vida diplom&#xE1;tica (1932-1935), 99.-- Reingreso al servicio diplom&#xE1;tico (1940-1950), 102.-- Guillermo Valencia, 103.-- Gonzalo Zaldumbide, 105.-- Bogot&#xE1; en 1940, 105.-- Mis relaciones con Eduardo Santos, 106.-- Mis relaciones con Alfonso L&#xF3;pez Pumarejo, 108.-- Mis relaciones con el Presidente Arroyo del R&#xED;o, 110.-- Mis relaciones con Velasco Ibarra, 112.-- Mis relaciones con Jaime Torres Bodet, 112.-- Andr&#xE9;s Eloy Blanco, 115.-- Rufino Blanco Fombona, 116.-- Cap&#xED;tulo III. Mi carrera administrativa, 121.-- En la Secretar&#xED;a de Educaci&#xF3;n, 121.-- En la Secretar&#xED;a de Relaciones Exteriores, 123.-- Otra vez en la Secretar&#xED;a de Educaci&#xF3;n, 125.-- En la Secretar&#xED;a de la Presidencia, 127.-- Tercera parte. La democratizaci&#xF3;n. Cap&#xED;tulo I. La democratizaci&#xF3;n, 133.-- Libertad de expresi&#xF3;n, 138.-- Ante el Altar de la Patria, 142.-- Presencia de la OEA en el pa&#xED;s, 143.-- Visita hist&#xF3;rica, 143.-- Fuerzas paramilitares y cuerpos represivos, 144.-- Los &#xAB;Paleros&#xBB;, 144.-- En las Naciones Unidas, 144.-- Expulsi&#xF3;n de la familia Trujillo, 146.-- Cap&#xED;tulo II. El exilio, 151.-- Las elecciones de 1966, 153.-- Doce a&#xF1;os en la Casa de Gobierno, 159.-- Cuarta parte. Familiares y colaboradores de Trujillo. Mis relaciones con los familiares de Trujillo, 165.-- Ramfis, 165.-- Primeros contactos, 165.-- En el yate Angelita, 166.-- Tras el sepelio de Trujillo, 167.-- Antagonismos familiares, 168.-- Rasgos de liberalismo, 171.-- Cambio de actitud, 173.-- Do&#xF1;a Mar&#xED;a Mart&#xED;nez de Trujillo, 174.-- Radham&#xE9;s, 179.-- Angelita, 180.-- Jos&#xE9; Arismendi Trujillo, 181.-- H&#xE9;ctor B. Trujillo Molina, 184.-- Semblanza del General Jos&#xE9; Garc&#xED;a, 187.-- Las hermanas de Trujillo, 189.-- Do&#xF1;a Marina, 189.-- Do&#xF1;a Julieta, 190.-- Nieves Luisa, 190.-- Do&#xF1;a Japonesa, 191.-- Cap&#xED;tulo II. Mis relaciones con los colaboradores de Trujillo, 195.-- Jacinto B. Peynado, 195.-- Don Manuel de Js. Troncoso de la Concha, 197.-- Julio Ortega Frier, 198.- Arturo Logro&#xF1;o, 201.-- Doctor Mois&#xE9;s Garc&#xED;a Mella, 203.-- Emilio Esp&#xED;nola, 204.-- Anselmo Paulino, 204.-- Manuel Arturo Pe&#xF1;a Batlle, 206.-- V&#xED;ctor Garrido, 212.-- Manuel de Moya Alonzo, 213.-- Virgilio &#xC1;lvarez Pina, 215.-- Otros favoritos, 217.-- Rafael Vidal Torres, 217.-- Roberto Despradel, 219.-- Los amigos &#xED;ntimos del Dictador, 221.-- Rafael Pa&#xED;no Pichardo, 221.-- Jos&#xE9; Mar&#xED;a Bonetti Burgos, 221.-- Servidores de confianza, 223.-- Tirso Rivera y Luis Rodr&#xED;guez Berg&#xE9;s, 223.-- Johnny Abbes Garc&#xED;a, 224.-- Policarpo Soler, 227.--Colaboraci&#xF3;n obligatoria, 229.-- Cap&#xED;tulo III. Los matadores de Trujillo, 233.-- Luis Amiama Ti&#xF3;, 233.-- Antonio Imbert Barrera, 240.-- Juan Tom&#xE1;s D&#xED;az y Antonio de la Maza, 243.-- Modesto D&#xED;az, 246.-- Interrogantes, 250.-- Miguel &#xC1;ngel B&#xE1;ez D&#xED;az, 250.-- Otros miembros de la conjura, 250.-- Amado Garc&#xED;a Guerrero, 252.-- Quinta parte. Mis relaciones con distintos jefes de Estado. Cap&#xED;tulo I. Con Juan Domingo Per&#xF3;n, 259.-- Su estancia en Santo Domingo, 259.-- Un documento hist&#xF3;rico, 262.-- Con Mile Bogetich, 265.-- Mi conversaci&#xF3;n con Bogetich, 268.-- La visita de Molinari, 269.-- Con Lyndon B. Johnson, 270.-- Con Jimmy Carter, 271.-- Con John F. Kennedy, 275.-- Sexta parte. Sangre en las calles. Cap&#xED;tulo I. El caso de Gregorio Garc&#xED;a Castro, 281.-- Cap&#xED;tulo II. El caso del periodista Orlando Mart&#xED;nez Howley, 295.-- S&#xE9;ptima parte. Experiencias personales. Cap&#xED;tulo I. Afici&#xF3;n a los viajes, 301.-- Quito, 301.-- La tumba de Napole&#xF3;n, 304.-- La tumba de Virgilio, 305.-- Otras piedras, 307.-- La Segunda Rep&#xFA;blica Espa&#xF1;ola, 308.-- Muerte de Gait&#xE1;n, 311.-- Mi amistad con Osorio Lizarazo, 313.-- Mark Twain, 314.-- Cap&#xED;tulo II. Mis experiencias literarias, 319.-- Cualidades b&#xE1;sicas, 319.-- El estilo, 320.-- Influencia del ritmo, 321.-- Cap&#xED;tulo III. Mis experiencias pol&#xED;ticas, 325.-- El dirigente pol&#xED;tico y sus cr&#xED;ticos, 325.-- Alusiones personales, 326.-- El caso de Don Antonio Guzm&#xE1;n Fern&#xE1;ndez, 327.-- Saber esperar, 330.-- Veleidades pol&#xED;ticas, 331.-- Cap&#xED;tulo IV. Mujeres en mi vida, 335.-- Octava parte. Mis creencias. Cap&#xED;tulo I. Mis creencias, 341.-- Mi fe, 341.-- La inmortalidad del alma, 342.-- El genio y la inmortalidad, 343.-- El drama de &#xCD;caro, 345.-- El derecho a no nacer, 346.-- El destino, 348.-- La mano de los Hados, 350.- Superstici&#xF3;n, 351.-- Ley de serie, 351.-- Presentimientos, 352.-- La inoportunidad de las cosas, 352.-- Contrastes, 353.-- Las estatuas, 354.-- El llamado de la tierra, 356.-- La hora del sepelio, 356.-- Lagrimas, 358.-- Poes&#xED;a y religi&#xF3;n, 358.-- Un pa&#xED;s de elecci&#xF3;n, 360.-- Ep&#xED;logo, 364.--Ap&#xE9;ndice, 367.-- Cronolog&#xED;a, 369.</subfield>
  </datafield>
  <datafield tag="590" ind1=" " ind2=" ">
    <subfield code="a">Inventariado, 2024/VM</subfield>
  </datafield>
  <datafield tag="600" ind1="1" ind2="4">
    <subfield code="a">Balaguer, Joaqu&#xED;n,</subfield>
    <subfield code="d">1906-2002</subfield>
    <subfield code="v">Autobiograf&#xED;a </subfield>
  </datafield>
  <datafield tag="600" ind1="1" ind2="0">
    <subfield code="a">Trujillo Molina, Rafael Le&#xF3;nidas,</subfield>
    <subfield code="d"> 1891-1961</subfield>
  </datafield>
  <datafield tag="650" ind1=" " ind2="4">
    <subfield code="a">Presidentes</subfield>
    <subfield code="z">Rep&#xFA;blica Dominicana</subfield>
    <subfield code="v">Biograf&#xED;as</subfield>
  </datafield>
  <datafield tag="651" ind1=" " ind2="4">
    <subfield code="a">Rep&#xFA;blica Dominicana</subfield>
    <subfield code="x">Pol&#xED;tica y gobierno</subfield>
    <subfield code="y">1930-1961</subfield>
  </datafield>
  <datafield tag="651" ind1=" " ind2="4">
    <subfield code="a">Rep&#xFA;blica Dominicana</subfield>
    <subfield code="x">Pol&#xED;tica y gobierno</subfield>
    <subfield code="y">1961-</subfield>
  </datafield>
  <datafield tag="651" ind1=" " ind2="4">
    <subfield code="a">Republica Dominicana</subfield>
    <subfield code="x">Historia </subfield>
    <subfield code="y">Era de Trujillo, 1930-1961</subfield>
  </datafield>
  <datafield tag="910" ind1=" " ind2=" ">
    <subfield code="a">VMateo V. Control de calidad BPMSU</subfield>
  </datafield>
  <datafield tag="942" ind1=" " ind2=" ">
    <subfield code="2">ddc</subfield>
    <subfield code="c">BK</subfield>
  </datafield>
  <datafield tag="952" ind1=" " ind2=" ">
    <subfield code="0">0</subfield>
    <subfield code="1">0</subfield>
    <subfield code="2">ddc</subfield>
    <subfield code="4">0</subfield>
    <subfield code="7">0</subfield>
    <subfield code="8">CD</subfield>
    <subfield code="a">BPMET</subfield>
    <subfield code="b">BPMET</subfield>
    <subfield code="d">2024-11-11</subfield>
    <subfield code="l">0</subfield>
    <subfield code="o">BPMSU CD 923.17293  B171m 1990</subfield>
    <subfield code="p">BPMSU24110019</subfield>
    <subfield code="r">2024-11-11</subfield>
    <subfield code="w">2024-11-11</subfield>
    <subfield code="y">BK</subfield>
  </datafield>
  <datafield tag="999" ind1=" " ind2=" ">
    <subfield code="c">14856</subfield>
    <subfield code="d">14856</subfield>
  </datafield>
</record>
